ACHAR'S TEXTBOOK OF PEDIATRICS (Record no. 216401)

MARC details
000 -LEADER
fixed length control field 00446nam a22001697a 4500
008 - FIXED-LENGTH DATA ELEMENTS--GENERAL INFORMATION
fixed length control field 260105b |||||||| |||| 00| 0 eng d
020 ## - INTERNATIONAL STANDARD BOOK NUMBER
International Standard Book Number 978-93-89211-88-7
100 ## - MAIN ENTRY--PERSONAL NAME
Personal name BHAT, SWARNA REKHA
245 ## - TITLE STATEMENT
Title ACHAR'S TEXTBOOK OF PEDIATRICS
250 ## - EDITION STATEMENT
Edition statement 5TH ED
260 ## - PUBLICATION, DISTRIBUTION, ETC.
Place of publication, distribution, etc. TELANGANA, INDIA
Name of publisher, distributor, etc. UNIVERSITIES PRESS
Date of publication, distribution, etc. 2022
300 ## - PHYSICAL DESCRIPTION
Extent XXV, 846P.
500 ## - GENERAL NOTE
General note INCLUDES INDEX
650 ## - SUBJECT ADDED ENTRY
Topical term or geographic name entry element PEDIATRICS
942 ## - ADDED ENTRY ELEMENTS (KOHA)
Source of classification or shelving scheme Library of Congress Classification
Koha item type Long Loan Book
Holdings
Withdrawn status Lost status Source of classification or shelving scheme Damaged status Not for loan Collection Home library Current library Shelving location Date acquired Inventory number Total checkouts Full call number Barcode Date last seen Copy number Price effective from Koha item type
    Library of Congress Classification     Medicine Kisii University Library Kisii University Library On Display 01/05/2026 110362   RT 45 .A254 2022 000000017727 01/05/2026 C.1 01/05/2026 Long Loan Book
    Library of Congress Classification     Medicine Kisii University Library Kisii University Library On Display 01/05/2026 110363   RT 45 .A254 2022 000000017728 01/05/2026 C.2 01/05/2026 Long Loan Book
    Library of Congress Classification     Medicine Kisii University Library Kisii University Library On Display 01/05/2026 110364   RT 45 .A254 2022 000000017729 01/05/2026 C.3 01/05/2026 Long Loan Book
    Library of Congress Classification     Medicine Kisii University Library Kisii University Library On Display 01/05/2026 110365   RT 45 .A254 2022 000000017730 01/05/2026 C.4 01/05/2026 Long Loan Book
    Library of Congress Classification     Medicine Kisii University Library Kisii University Library On Display 01/05/2026 110366   RT 45 .A254 2022 000000017731 01/05/2026 C.5 01/05/2026 Long Loan Book
    Library of Congress Classification     Medicine Kisii University Library Kisii University Library On Display 01/05/2026 110367   RT 45 .A254 2022 000000017732 01/05/2026 C.6 01/05/2026 Long Loan Book
    Library of Congress Classification     Medicine Kisii University Library Kisii University Library On Display 01/05/2026 110368   RT 45 .A254 2022 000000001597 01/05/2026 C.7 01/05/2026 Long Loan Book
    Library of Congress Classification     Medicine Kisii University Library Kisii University Library On Display 01/05/2026 110369   RT 45 .A254 2022 000000002873 01/05/2026 C.8 01/05/2026 Long Loan Book